10 größte Fußball Stadien in Nordrhein-Westfalen - Statistiken

Allgemein
  • Dieses Quiz wurde 103 mal gespielt
  • Das Durchschnittsergebnis liegt bei 8 aus 10
Antwortstatistiken
Kapazität Verein Stadion % Korrekt
81.365 Borussia Dortmund Signal Iduna Park
100%
30.210 Bayer 04 Leverkusen BayArena
98%
62.271 FC Schalke 04 Veltins Arena
98%
50.000 1. FC Köln RheinEnergieStadion
90%
32.960 Alemannia Aachen Tivoli
84%
54.022 Borussia Mönchengladbach Borussia-Park
83%
54.600 Fortuna Düsseldorf Merkur Spiel-Arena
83%
27.599 VfL Bochum Ruhrstadion
71%
27.332 Arminia Bielefeld SchücoArena
59%
31.500 MSV Duisburg Schauinsland-Reisen-Arena
55%
Keine übereinstimmenden Quizze gefunden
Verteilung der Resultate
Anzahl Personen mit jedem Resultat
Perzentil nach korrekt beantworteten Fragen
Ihre Resultats-Entwicklung
Sie haben dieses Quiz noch nicht gespielt